Evaluación económica del proyecto interamericana-Golfito
Guardado en:
| Autor principal: | |
|---|---|
| Formato: | Desconocido |
| Publicado: |
[San José, Costa Rica]
1972
|
| Materias: | |
| Etiquetas: |
Agregar Etiqueta
Sin Etiquetas, Sea el primero en etiquetar este registro!
|
MARC
| LEADER | 00000 a2200000 4500 | ||
|---|---|---|---|
| 003 | 011167 | ||
| 005 | 20221231143818.0 | ||
| 008 | 140114s1972 c a m 000 ||s d | ||
| 040 | |c cru CEDI | ||
| 090 | |a TFG 475 | ||
| 100 | |a Zavaleta Estrada, Jorge |9 18019 | ||
| 245 | |a Evaluación económica del proyecto interamericana-Golfito | ||
| 260 | |c 1972 |a [San José, Costa Rica] | ||
| 300 | |a 72 hojas : cuadros, gráficos, mapas (col) ; 28 cm | ||
| 500 | |a Tesis (ingeniero civil)--Universidad de Costa Rica. | ||
| 501 | |a Ed. mimeografiada. | ||
| 650 | |x CARRETERAS - COSTA RICA |x CARRETERA INTERAMERICANA GOLFITO |9 18020 | ||
| 942 | |c TFG | ||
| 999 | |c 12358 |d 12358 | ||
